000 00201 a2200085 4500
020 _a9780743469111
082 _bEJF EME
100 _aScott Emerson
_9180166
245 _aThe adventure of Samuel Blackthorne
999 _c754735
_d754734
942 _w395
_xKholofelo Moabelo
_y395
_zKholofelo Moabelo